| 000 | 00664nam a22002417a 4500 | ||
|---|---|---|---|
| 001 | 000632 | ||
| 003 | DO-SdBNP | ||
| 005 | 20180222085424.0 | ||
| 007 | 000632 | ||
| 008 | 161102b 1966 sp a 00| 0 spa d | ||
| 040 |
_aBPMSU _bspa _cBPMSU |
||
| 082 | 4 |
_axxxx _bxxxx |
|
| 100 | 1 | _aJanosch. | |
| 245 | 1 | 0 |
_aEl tío Poppoff / _cJanosch ; traducción Josefa Rodés |
| 260 |
_aBarcelona : _bLumen, _c1966. |
||
| 300 |
_a112 p. : _bil. ; _c18 cm. |
||
| 490 | 1 |
_aGrandes Autores _v23 |
|
| 700 | 1 | 2 |
_aRodes, Josefa, _etr. |
| 830 | 0 |
_aGrandes Autores ; _n23 |
|
| 942 |
_2ddc _cBK |
||
| 945 | _aInventariado, 2018 / BT | ||
| 956 |
_2LOPEREZ _310 _620161102 _8BPMSU _a00041 |
||
| 999 |
_c11760 _d11760 |
||